000 00342nam a22001457a 4500
008 220202b ||||| |||| 00| 0 eng d
020 _a9789951632577
041 _aalb
080 _a721
082 _a721
100 _a61
101 _aPSI
245 _aTe drejtat e njeriut
_cDr.Sc. Sedat Ismajli & Dr.Sc. Shkumin Leka
942 _2udc
_cBK
999 _c58318
_d58318